| 000 | 00641cam a22002051 4500 | ||
|---|---|---|---|
| 001 | sa 66001053 | ||
| 003 | DLC | ||
| 005 | 20260227112219.0 | ||
| 008 | 960920s1960 pk 000 0 pusr | ||
| 010 | _asa 66001053 | ||
| 025 | _aPL480:P-Pushto-111 | ||
| 035 | _a(OCoLC)35598770 | ||
| 040 |
_aDLC _cCLU _dCLU _dDLC |
||
| 050 | 0 | 0 |
_aPK6820.H5 _bD29 |
| 100 | 1 | _aHilālī, Muḥammad Khān Mīr. | |
| 245 | 1 | 0 |
_aDa Badar ghazā, _cauthor Hilālī. |
| 260 |
_aPishāwar Shahar, _bldārah-yi lshāʻat-i Sarḥad _c[introduction 1379 (1960)] |
||
| 300 |
_a252 p. _c21 cm. |
||
| 650 | 0 |
_aBadr, Battle of, Badr Ḥunayn, Saudi Arabia, 624 _vPoetry. |
|
| 999 |
_c67568 _d67568 |
||